Catalog

Record Details

Catalog Search



Gerechtigkeit und teleologische Ethik  Cover Image Book Book

Gerechtigkeit und teleologische Ethik / Dieter Witschen

Witschen, Dieter (Author).

Record details

  • ISBN: 3-7278-0790-3
  • Physical Description: 228 s. ; 22 cm
  • Publisher: Freiburg : Die Universitätsverlag, 1992
Genre: monografie

Available copies

  • 1 of 1 copy available at Common Catalog SPOK.

Holds

  • 0 current holds with 1 total copy.
Show Only Available Copies
Location Call Number / Copy Notes Barcode Shelving Location Status Due Date
Jabok Library ET-9.2/W 424480013700 Odborná literatura Available -

LDR 00735cam a2200229 i 4500
00147851
003CZ-PrJAB
00520201207093328.0
007ta
008050915s1992 gw |||||||||||000|u|ger d
020 . ‡a3-7278-0790-3
072 7. ‡a27-4 ‡xPraktická teologie. Morální teologie     ‡2Konspekt ‡95
040 . ‡aABG312 ‡bcze ‡erda
1001 . ‡aWitschen, Dieter
24510. ‡aGerechtigkeit und teleologische Ethik / ‡cDieter Witschen
264 1. ‡aFreiburg : ‡bDie Universitätsverlag, ‡c1992
300 . ‡a228 s. ; ‡c22 cm
336 . ‡atext ‡btxt ‡2rdacontent
338 . ‡asvazek ‡bnc ‡2rdacarrier
4901 . ‡aStudien zur theologischen Ethik ; ‡v39
653 0. ‡ateologická etika ‡aspravedlnost
655 7. ‡amonografie ‡7fd132842 ‡2czenas
830 0. ‡aStudien zur theologischen Ethik
910 . ‡aABG312
901 . ‡a47851 ‡bCZ-PrJAB ‡c47851 ‡tbiblio

Additional Resources